[Event "Leiden SB-ch"]
[Site "Leiden"]
[Date "2003.06.17"]
[Round "5"]
[White "Bon, Peter"]
[Black "Verhoogt, Erwin"]
[Result "1-0"]
[WhiteElo "1712"]
[BlackElo "1644"]
[PlyCount "76"]
[EventDate "2003.05.20"]
[EventType "swiss"]
[EventRounds "7"]
[EventCountry "NED"]
[SourceTitle "CBM 095 Extra"]
[Source "ChessBase"]
[SourceDate "2003.09.04"]
[SourceVersion "1"]
[SourceVersionDate "2003.09.04"]
[SourceQuality "1"]

1. e4 d6 2. d4 Nf6 3. Nc3 g6 4. f4 Bg7 5. Nf3 0-0 6. Be2 c5 7. 0-0 cxd4 8. Nxd4 Nc6 9. Nb3 a6 10. Bf3 Qc7 11. Be3 Rb8 12. a4 Na5 13. Nxa5 Qxa5 14. Qd2 Ng4 15. Bxg4 Bxg4 16. Nd5 Qd8 17. Bb6 Qd7 18. c3 e6 19. Ne3 e5 20. h3 exf4 21. Nxg4 h5 22. Nf2 Qc6 23. a5 Be5 24. Qd5 Rbc8 25. Nd3 Qxd5 26. exd5 Bg7 27. Nxf4 Rc4 28. Rae1 Bh6 29. Nd3 Rfc8 30. Re7 f5 31. Rxb7 f4 32. Rd7 g5 33. Rxd6 Kh7 34. Re1 Bf8 35. Rd7+ Kg8 36. Re5 g4 37. Rg5+ Kh8 38. Rxh5+ Kg8 1-0